Statistics for Dinosaur Names

Click here to take the quiz!

General Stats

  • This quiz has been taken 128 times
  • The average score is 16 of 100

Answer Stats

HintAnswer% Correct
Hunted Triceratops, lived 65 million years agoTyrannosaurus1
97%
Largest spinosauridaeSpinosaurus27
80%
Largest StegosauridStegosaurus6
74%
Hunted stegosaurusAllosaurus19
55%
Largest clawsTherizinosaurus10
53%
Jurassic park oversizes theseVelociraptor52
53%
A.R.K survival evolved makes this too strongGiganotosaurus102
50%
Largest ankylosauridAnkylosaurus17
49%
Raptor that was discovered in UtahUtahraptor86
44%
Fought Spinosaurus, lived in AfricaCarcharodontosaurus2
41%
Dinosaur with a whip tailDiplodocus46
40%
Two horns above the eyesCarnotaurus32
37%
had two crests above the eyesDilophosaurus20
34%
First dinosaur foundIguanodon74
34%
First dinosaur namedMegalosaurus75
33%
Probably is a younger TriceratopsTorosaurus22
33%
70 foot long sharkMegalodon68
31%
Largest pachycephalosaurPachycephalosaurus94
31%
Largest pterosaurQuetzalcoatlus57
31%
Packs of these discovered in AlbertaAlbertosaurus59
29%
Fought Allosaurus and TorvosaurusCeratosaurus34
26%
Antarctic CarnivoreCryolophosaurus47
24%
One of the smallest land dinosaursCompsognathus92
23%
Fought Tenontosaurus in packsDeinonychus12
23%
Wrong name for the dinosaurOviraptor16
21%
Dinosaur found in Northeast ChinaYutyrannus96
21%
Maybe is a young PachycephalosaurusDracorex48
20%
Cannibal dinosaurMajungasaurus44
20%
Hunted in packs, ate large sauropodsMapusaurus11
20%
Largest triassic dinosaurPlateosaurus24
20%
Slightly smaller relative of TyrannosaurusTarbosaurus69
20%
Jurassic World oversized this pterosaurDimorphodon76
19%
Largest Triassic carnivorous dinosaurHerrerasaurus23
19%
Spined carcharodontosaurianAcrocanthosaurus71
17%
Raptor that was discovered in South DakotaDakotaraptor85
17%
Probably the first dinosaurEoraptor40
16%
Largest raptorMegaraptor41
16%
Longest nameMicropachycephalosaurus45
16%
Sauropod that lived with TyrannosaurusAlamosaurus31
15%
Possibly the weirdest dinosaurDeinocheirus9
15%
Large ceratopsian with no hornsPachyrhinosaurus79
15%
Hunted Diplodocus and ApatosaurusSaurophaganax33
15%
Ultrasaurus is probably a juvenile of thisSupersaurus87
15%
name means ´Zhucheng Lizard´Zhuchengtyrannus18
13%
Squid-like aquaticsAmmonite55
12%
Dinosaur that lived in AlaskaNanuqsaurus95
12%
Dinosaur with two camel-like humpsConcavenator78
10%
Giant cenozoic apeGigantopithecus89
10%
One of the smallest ceratopsiansPsittacosaurus80
10%
Largest CeratopsianTitanoceratops5
10%
Largest bear everArctodus90
8%
Neck was covered in spinesBajadasaurus64
8%
Largest hadrosaurShantungosaurus98
8%
Starts with the letter XXenotarsosaurus28
8%
Tiny tyrannosaurGuanlong62
7%
Had an inflatable crestMuttaburrasaurus63
7%
Prehistoric squid that is still livingNautilus56
7%
3rd largest spinosauridOxalaia50
7%
2nd largest spinosauridSigilmassasaurus49
7%
18-20 foot long nodosauridBorealopelta97
6%
Pterosaur with very large crestNyctosaurus70
6%
Largest crocodilePurussaurus26
6%
Deadliest triassic predatorSaurosuchus25
6%
Looks like a raptor, but is not a raptorSinraptor42
5%
Possibly hippo-like animalAndrewsarchus91
3%
One of the earliest prosauropodsMassospondylus88
3%
Name means ¨Monstrous Murderer¨Teratophoneus72
3%
Largest sauropod everBruhathkayosaurus13
2%
Largest aquatic before the dinosaursDunkleosteus30
2%
Smallest dinosaurOculudentavis14
2%
ScavengerRugops43
2%
Deformed hybrid dinosaurScorpios Rex35
2%
One of the largest therizinosauridaeSegnosaurus81
2%
New species of TyrannosaurusT. Imperator36
2%
Other new species of TyrannosaurusT. Regina37
2%
35 foot long jurassic predatorYangchuanosaurus29
2%
One of the smallest horned ceratopsiansZuniceratops99
2%
Dinosaur heavier than the Blue WhaleAmphicoelias58
1%
Better known species of CarcharodontosaurusC. Saharicus83
1%
Largest land predator everEpanterias4
1%
Herbivore that lived in AntarcticaGlacialisaurus21
1%
Possibly the smallest sauropodMussaurus65
1%
Species of PliosaurusP. Funkei84
1%
32 foot long abelisaurRajasaurus51
1%
Fought with large tyrannosaursSpinops60
1%
Largest squidTriassic Kraken100
1%
Name means ¨Air Bone¨Aerosteon93
0%
Poorly known species of CarcharodontosaurusC. Iguidensis82
0%
Smallest stegosaur, cat-sizedDeltapodus61
0%
Similar to TorvosaurusEdmarka Rex8
0%
Oldest LeptoceratopsidGryphoceratops66
0%
40 foot long carnivore, found in ChinaKelmayisaurus73
0%
33 foot long PliosaurSachicasaurus101
0%
Tallest dinosaurSauropseidon67
0%
30 foot long spinosauridSiamosaurus38
0%
New herbivore discoveredSpicomellus54
0%
Largest abelisauridTitanovenator15
0%
Pterosaur with large oval shaped crestTupuxuara77
0%
New carnivore discoveredUlughbegsaurus53
0%
33 foot long spinosauridVallibonavenatrix39
0%

Score Distribution

Percentile by Number Answered

Percent of People with Each Score

Your Score History

You have not taken this quiz